000 00676cam a22002414a 4500
001 38713
003 (BD-RjUL)
005 20211209052839.0
008 050426s2005 ne a b 001 0 eng
020 _a8120314913
020 _a9788120314917
035 _a(BD-RjUL)
040 _aDLC
_c(BD-RjUL)
_dBAKER
082 0 0 _a621.3815
_222
_bNAE 1999
100 1 _aNagrath, I.J.
_9119441
245 1 0 _aElectronics analog and digital /
_cI.J. Nagrath
260 _aNew Delhi ;
_bPrentic Hall of India.
_cc1999.
300 _aviii, 735 p. :
_bill. ;
_c24 cm.
500 _aIncludes index.
650 0 _aElectronic circuits
_9117163
942 _2ddc
_cBK
999 _c38713
_d38713